| 000 | 00372nam a22001451a 4500 | ||
|---|---|---|---|
| 020 | _a9788120808294 | ||
| 082 |
_aS 792.8 _bMAH/S |
||
| 100 | _aMaheswar Neog | ||
| 245 |
_aSrihastamuktavali/ _cby Maheswar Neog |
||
| 260 |
_aNew Delhi: _bIndira Gandhi National centre for the arts, _c1991. |
||
| 300 | _a205p. +plates | ||
| 650 | _aDance | ||
| 650 | _aArts | ||
| 942 | _cBK | ||
| 999 |
_c43788 _d43788 |
||